000 00453pab a2200157 454500
008 180718b2007 xxu||||| |||| 00| 0 eng d
100 _aBernerth, Jeremy B. et al.
245 _aJustice, cynicism, and commitment: a study of important organizational change variables
260 _c2007
300 _ap.303-26.
362 _aSep
650 _aOrganizational change
773 _aJournal of Applied Behavioral Science
908 _aN
909 _a75959
999 _c75959
_d75959